书目信息 |
| 题名: |
精细有机合成原理与工艺
|
|
| 作者: | 陈金龙 主编 | |
| 分册: | ||
| 出版信息: | 北京 中国轻工业出版社 1992.4 |
|
| 页数: | 522页 | |
| 开本: | 26cm | |
| 丛书名: | ||
| 单 册: | ||
| 中图分类: | TQ2 | |
| 科图分类: | ||
| 主题词: | 精细化工-有机合成--高等学校--教材 , 有机合成-精细化工--高等学校--教材 | |
| 电子资源: | ||
| ISBN: | 7-5019-1164-9 | |
| 000 | 00890nam0 2200265 45 | |
| 001 | 0193000715 | |
| 005 | 20070721154040.56 | |
| 010 | @a7-5019-1164-9@dCNY15.65 | |
| 100 | @a19930104d1992 em y0chiy0121 ea | |
| 101 | 0 | @achi |
| 102 | @aCN@b110000 | |
| 105 | @ay z 000yy | |
| 200 | 10 | @a精细有机合成原理与工艺@AJING XI YOU JI HE CHENG YUAN LI YU GONG YI@f陈金龙主编@FCHEN JIN LONG ZHU BIAN |
| 210 | @a北京@c中国轻工业出版社@d1992.4 | |
| 215 | @a522页@d26cm | |
| 300 | @a高等学校轻工专业试用教材 | |
| 314 | @a陈金龙,江苏化工学院任教 | |
| 330 | @a本书介绍了有关精细化工产品的研制与生产过程中常用的重要反应和合成技术。 | |
| 540 | 1 | @a有机 合成@AYOU JI HE CHENG |
| 606 | @a精细化工-有机合成@x高等学校@x教材 | |
| 606 | @a有机合成-精细化工@x高等学校@x教材 | |
| 690 | @aTQ2@v4 | |
| 701 | 0 | @a陈金龙@ACHEN JIN LONG@4主编 |
| 801 | 0 | @aCN@bTSSF@c20070721 |
| 905 | @a10447@dTQ2@e23 | |
| 精细有机合成原理与工艺/陈金龙主编.-北京:中国轻工业出版社,1992.4 |
| 522页;26cm |
| 高等学校轻工专业试用教材 |
| ISBN 7-5019-1164-9:CNY15.65 |
| 本书介绍了有关精细化工产品的研制与生产过程中常用的重要反应和合成技术。 |
| ● |
| 相关链接 |
|
|
|
|
正题名:精细有机合成原理与工艺
索取号:TQ2/23
 
预约/预借
| 序号 | 登录号 | 条形码 | 馆藏地/架位号 | 状态 | 备注 |
| 1 | 0768479 | 207684790 | 第二样本阅览室/ [索取号:TQ2/23] | 在馆 |